00663nam a2200193Ia 4500008004100000020001300041082001400054100001900068245005500087250000700142260004800149300002500197500001900222600002100241650005000262942000700312952013500319999001500454240925s9999 xx 000 0 und d a24216658 a006.3 TUR aTurban, Efraim 0aExpert Systems and Applied Artificial Intelligence aNA aNew York:bMacmillian Publishing Coc,1992. a261p.bNAfPhotocopy aIncludes Index aComputer Science aComputer science, information & general works cBK 001040708CSaUITUbUITUd2004-03-29eFair Book Center karachig200.00l0o006.3 TURpQ5594r2024-09-25 07:13:54w2024-09-25yBK c8093d8093